Music Quiz

Random Music or Artist Quiz
Score 0/21 Timer 05:00
0 Plays Today
% Correct
Paul McCartney & Wings
96.2%
Adele
96.2%
Shirley Bassey
95.6%
Duran Duran
94%
Carly Simon
92.3%
Sheena Easton
91.8%
Tina Turner
89.6%
Sheryl Crow
89.6%
Jack White and Alicia Keys
89.6%
Madonna
88%
Nancy Sinatra
87.4%
% Correct
Lulu
86.3%
A-ha
85.8%
Chris Cornell
85.8%
Tom Jones
85.2%
Rita Coolidge
85.2%
Garbage
83.6%
Matt Monro
83.6%
Gladys Knight
83.6%
Louis Armstrong
73.2%
Byron Lee and the Dragonaires
43.2%
Remove Ads.
Support Sporcle.
Get the best of Sporcle when you Go Orange. This ad-free experience offers more features, more stats, and more fun while also helping to support Sporcle. Thank you for becoming a member.

You're not logged in!

Compare scores with friends on all Sporcle quizzes.
OR
Log In

Show Comments

Extras

Top Quizzes Today


Score Distribution

Your Account Isn't Verified!

In order to create a playlist on Sporcle, you need to verify the email address you used during registration. Go to your Sporcle Settings to finish the process.

Report this User

Report this user for behavior that violates our Community Guidelines.

Details: